000 00406nam a2200157Ia 4500
008 230917s9999||||xx |||||||||||||| ||und||
020 _cRS225
040 _e12406
_aMAIN
041 _aEnglish
082 _a301.446 D26T
100 _aDas, S T
245 0 _aTribal life of North-Eastern India: habitate, economy, customs, traditions
260 _aDelhi
_bGian
_c1986
300 _axi,321 p.
942 _cBK
999 _c53136
_d53136